Online
Catalog

Comunitarismo. (Record no. 13081)

MARC details
000 -CABECERA
campo de control de longitud fija 01495cam a2200289 a 4500
001 - NÚMERO DE CONTROL
campo de control 000013455
005 - FECHA Y HORA DE LA ÚLTIMA TRANSACCIÓN
campo de control 20200929163232.0
008 - DATOS DE LONGITUD FIJA--INFORMACIÓN GENERAL
campo de control de longitud fija 861121s1984 ve a b 100 0 spa
040 ## - FUENTE DE LA CATALOGACIÓN
Centro catalogador/agencia de origen DO-SdBNP
Lengua de catalogación spa
Centro/agencia transcriptor BNPHU
111 2# - ENTRADA PRINCIPAL--NOMBRE DE CONGRESO/REUNIÓN
Nombre de congreso/reunión o jurisdicción como elemento de entrada Jornadas Internacionales sobre Pensamiento Comunitario.
Número del congreso/reunión o número de parte o sección (1:
Fecha del congreso/reunión 1972 : 16 jul.
Sede del congreso/Lugar de la reunión Mérida, Venezuela)
9 (RLIN) 30730
245 10 - MENCIÓN DE TÍTULO
Título Comunitarismo.
260 ## - PUBLICACIÓN, DISTRIBUCIÓN, ETC.
Lugar de publicación, distribución, etc. Mérida, Venezuela :
Nombre del editor, distribuidor, etc. Centro de Estudios Comunitarios,
Fecha de publicación, distribución, etc. 1984.
300 ## - DESCRIPCIÓN FÍSICA
Extensión 4 v. :
Otras características físicas il. ;
Dimensiones 22 cm.
500 ## - NOTA GENERAL
Nota general Las ponencias del I, II y III Jornadas celebradas en Mérida, Venezuela entre 1972 y 1982
504 ## - NOTA DE BIBLIOGRAFÍA, ETC.
Nota de bibliografía, etc. Incluye referencias bibliográficas y notas al pie de las páginas
505 0# - NOTA DE CONTENIDO CON FORMATO
Información miscelánea t. 1.
Título Comunitarismo --
505 0# - NOTA DE CONTENIDO CON FORMATO
Información miscelánea t. 2 :
Título Personalismo, participación, estado comunitario, sociedad comunitaria y revolución --
505 0# - NOTA DE CONTENIDO CON FORMATO
Información miscelánea t. 3.:
Título Sociedad de consumo. Modelo social de desarrollo, cooperativismo y marginalidad --
505 0# - NOTA DE CONTENIDO CON FORMATO
Información miscelánea t. 4. :
Título Economía comunitaria, autogestión. Derecho, salud y comunidad. Manifiesto de la sociedad personalista y comunitaria.
590 ## - NOTA LOCAL (RLIN)
Nota local La biblioteca posee los tomos I y IV.
650 #4 - PUNTO DE ACCESO ADICIONAL DE MATERIA--TÉRMINO DE MATERIA
Término de materia o nombre geográfico como elemento de entrada Socialismo cristiano
Subdivisión de forma CONGRESOS
9 (RLIN) 30731
650 #4 - PUNTO DE ACCESO ADICIONAL DE MATERIA--TÉRMINO DE MATERIA
Término de materia o nombre geográfico como elemento de entrada Democracia cristiana
Subdivisión de forma CONGRESOS
9 (RLIN) 30732
650 #4 - PUNTO DE ACCESO ADICIONAL DE MATERIA--TÉRMINO DE MATERIA
Término de materia o nombre geográfico como elemento de entrada Cooperación
Subdivisión de forma CONGRESOS
9 (RLIN) 30733
650 #4 - PUNTO DE ACCESO ADICIONAL DE MATERIA--TÉRMINO DE MATERIA
Término de materia o nombre geográfico como elemento de entrada Cooperativa de sociedades
Subdivisión geográfica Venezuela
Subdivisión de forma CONGRESOS
9 (RLIN) 30734
650 #4 - PUNTO DE ACCESO ADICIONAL DE MATERIA--TÉRMINO DE MATERIA
Término de materia o nombre geográfico como elemento de entrada Administración
Subdivisión general Participación de empleados
Subdivisión de forma CONGRESOS
9 (RLIN) 30735
710 2# - PUNTO DE ACCESO ADICIONAL--NOMBRE DE ENTIDAD CORPORATIVA
Nombre de entidad corporativa o nombre de jurisdicción como elemento de entrada Centro de Estudios Comunitarios (Mérida, Venezuela) .
9 (RLIN) 30736
Holdings
Estado de retiro Estado de pérdida Restricciones de uso No para préstamo Código de colección Localización permanente Ubicación/localización actual Ubicación en estantería Fecha de adquisición Número de inventario Total de préstamos Signatura topográfica completa Código de barras Fecha visto por última vez Precio válido a partir de Tipo de ítem Koha
        Monografías: Libros y Folletos General General En catalogación 24.11.2009 LF1   v.1 13455-10 25.06.2020 25.06.2020 Préstamo en sala
        Monografías: Libros y Folletos General General En catalogación 24.11.2009 LF1   v.2 13455-20 25.06.2020 25.06.2020 Préstamo en sala
        Monografías: Libros y Folletos Patrimonio Dominicano Patrimonio Dominicano Orden iniciada 05.06.2017 LF1   13455-30 25.06.2020 25.06.2020 No se presta

Powered by Koha